| 000 | 01023cam a2200349 i 4500 | ||
|---|---|---|---|
| 001 | 0000503 | ||
| 003 | DO-SdBNP | ||
| 005 | 20171214080649.0 | ||
| 007 | 0000503 | ||
| 008 | 100514s 2009 mx | |||| 000 f spa | ||
| 015 | _a | ||
| 017 |
_a _b |
||
| 020 | _a9786071103161 | ||
| 035 | _a | ||
| 040 |
_aBPMSU _bspa _cBPMSU _e |
||
| 080 | _a | ||
| 082 |
_a869.342 _bS243c |
||
| 100 | 1 |
_aSaramago, José, _d1922-2010 |
|
| 240 | 1 | 0 |
_aCaim / _lEspañol |
| 245 | 1 | 0 |
_aCaín / _h _cJosé Saramago ; traducción Pilar del Río |
| 260 |
_aMéxico : _bAlfaguara; _bSantillana Ediciones Generales, _c2009 _f |
||
| 300 |
_a189 p. ; _c21 m |
||
| 500 | _aLa biblioteca posee la tercera reimpresión del 2010. | ||
| 500 | _aIncluye datos biográficos del autor. | ||
| 586 | _aPremio Nobel de Literatura 1998 | ||
| 650 | _aNOVELA PORTUGUESA | ||
| 650 | _aLITERATURA PORTUGUESA | ||
| 700 | 1 | 2 |
_aRío, Pilar del, _etr. |
| 942 |
_2ddc _cBK |
||
| 945 | _aInventariado extranjero / 2017 VM | ||
| 956 |
_aYLOCKWARD _810 _cBPMSU |
||
| 999 |
_c10773 _d10773 |
||